| 000 | 00802nam a2200301Ia 4500 | ||
|---|---|---|---|
| 003 | OSt | ||
| 005 | 20221006153436.0 | ||
| 006 | a|||||r|||| 00| 0 | ||
| 007 | ta | ||
| 008 | 221006b |||||||| |||| 00| 0 kor d | ||
| 020 |
_a9781565911871 _cW15,000 (each) |
||
| 024 | _a32,334 | ||
| 037 |
_bGift, Korean Embassy _cTextual |
||
| 040 |
_aEASL _cEASL _bkor |
||
| 041 |
_2kor _akor |
||
| 082 | _aP495, P5 | ||
| 100 | _aHARRIS Richard | ||
| 245 | 0 | _aRoadmap to Korea | |
| 250 | _aSecond edition, 2005 | ||
| 260 |
_aSeoul _bHollym Korea _c2005 |
||
| 300 |
_a359p. _ccm. |
||
| 490 | _v KEL | ||
| 650 |
_a Background _9663970 |
||
| 650 | _a KEL | ||
| 650 | _aKorean language | ||
| 942 |
_hP495, P5 _cTEXL _2CC |
||
| 999 |
_c1100420 _d1100420 |
||